Przejdź do treści

Финансы предприятия

Учебно-методический комплекс для студентов высших учебных заведений, обучающихся по специальности специальность 080401 “Товароведение и экспертиза товаров (по областям применения)”...

Szczegółowa specyfikacja

Zapisane w:
Opis bibliograficzny
1. autor: Пушкина Т. Н.
Kolejni autorzy: Нестерова Н. А.
Format: Книга
Język:Russian
Wydane: Воронеж Мичуринский ГАУ 2008
Dostęp online:http://e.lanbook.com/books/element.php?pl1_id=47293
https://e.lanbook.com/img/cover/book/47293.jpg
Etykiety: Dodaj etykietę
Nie ma etykietki, Dołącz pierwszą etykiete!
LEADER 01294nam0a2200253 i 4500
001 47293
003 RuSpLAN
005 20221220173924.0
008 221220s2008 ru gs 000 0 rus
040 |a RuSpLAN 
041 0 |a rus 
044 |a ru 
080 |a 336.64 
245 0 0 |a Финансы предприятия  |c Пушкина Т. Н.,Нестерова Н. А. 
260 |a Воронеж  |b Мичуринский ГАУ  |c 2008 
300 |a 70 с. 
504 |a Библиогр.: доступна в карточке книги, на сайте ЭБС Лань 
520 8 |a Учебно-методический комплекс для студентов высших учебных заведений, обучающихся по специальности специальность 080401 “Товароведение и экспертиза товаров (по областям применения)” 
521 8 |a Книга из коллекции Мичуринский ГАУ - Экономика и менеджмент 
100 1 |a Пушкина Т. Н. 
700 1 |a Нестерова Н. А. 
856 4 |u http://e.lanbook.com/books/element.php?pl1_id=47293 
856 4 8 |u https://e.lanbook.com/img/cover/book/47293.jpg 
953 |a https://e.lanbook.com/img/cover/book/47293.jpg